| 000 | 00471nam a2200157Ia 4500 | ||
|---|---|---|---|
| 008 | 191206s9999 xx 000 0 und d | ||
| 020 | _a9780199665785 (hbk.) | ||
| 090 | _aB3376.W563 | ||
| 245 | 0 | _aWittgenstein's Tractatus: history and interpretation | |
| 250 | _a1st ed. | ||
| 260 | _aOxford University Press | ||
| 260 | _bMind Association occasional series | ||
| 260 | _cc2013 | ||
| 300 | _a273 p. ; 25 cm. | ||
| 999 |
_c17306 _d17306 |
||